Normal view
MARC view
- Estudiantes universitarios
Entry Materia
001 - NÚMERO DE CONTROL DEL REGISTRO
- campo de control: 18476
003 - IDENTIFICADOR DE NUMERO DE CONTROL
- campo de control: UPN
005 - FECHA Y HORA DE LA ÚLTIMA TRANSACCIÓN
- campo de control: 20230606103338.0
008 - DATOS DE LONGITUD FIJA
- campo de control de longitud fija: 230606n||acnnnbabn | ana |d
035 ## - NÚMERO DE CONTROL DEL SISTEMA
- Número de control del sistema: UPN10000018484
040 ## - FUENTE DE LA CATALOGACIÓN
- Centro catalogador de origen: MX-MxUPN
- Lengua de catalogación: spa
- Agencia de transcripción: MX-MxUPN
150 ## - ENCABEZAMIENTO - TEMÁTICO
- Término de materia o nombre geográfico como elemento inicial: Estudiantes universitarios
- Subdivisión de materia general: Actividad política
- Subdivisión geográfica: Ciudad de México
- Subdivisión de forma: Trabajos pictóricos
670 ## - FUENTE EN LA QUE SE LOCALIZARON DATOS
- Cita de la fuente: LC/P
- Información localizada: College studentes - Political activity - Mexico - Mexico City - Pictorial works
902 ## - CATALOGADOR
- Catalogador: MCM/060711
